Bilecik Bilecik Bilecik Bilecik Bilecik

İmalat formül ansiklopedisi/ (Record no. 71983)

MARC details
000 -BAŞLIK
Sabit Uzunluktaki Kontrol Alanı 00888nam a22002897a 4500
001 - KONTROL NUMARASI
Control Dosyası 0071228
003 - KONTROL NUMARASI KİMLİĞİ
Kontrol Alanı KOHA_MİRAKIL
005 - EN SON İŞLEM TARİHİ ve ZAMANI
Kontrol Alanı 20260207005000.0
007 - FİZİKSEL TANIM SABİT ALAN - GENEL BİLGİ
Sabit uzunluklu kontrol alanı ta
008 - SABİT UZUNLUKTAKİ VERİ ÖGELERİ - GENEL BİLGİ
Sabit Alan 240729b tu |||gre|||#0|||0|tur |
040 ## - KATALOGLAMA KAYNAĞI
Özgün Kataloglama Kurumu TR-BiSEU
Kataloglama Dili tur
Çeviri Kurumu TR-BiSEU
Açıklama Kuralları rda
041 0# - DİL KODU
Metin ya da ses kaydının dil kodu tur
044 ## - YAYINLAYAN/ÜRETEN KURULUŞUN ÜLKE KODU
ISO country code tu
050 ## - SINIFLAMA ve YER NUMARASI
Sınıflama Numarası T49
Yer Numarası .A35 [t.y.]
100 1# - KİŞİ ADI
Yazar Adı (Kişi adı) Akkapılı, Yusuf.
245 1# - ESER ADI BİLDİRİMİ
Başlık İmalat formül ansiklopedisi/
Sorumluluk Bildirimi Yusuf Akkapılı ; Yusuf Akkapılı, Deniz Tuncay Akkapılı.
250 ## - BASIM BİLDİRİMİ
Basım Bildirimi Genişletilmiş 2. Baskı
264 #1 - ÜRERİM, YAYIN, DAĞITIM ve TELİF BİLDİRİMİ
Yayın yeri Adana :
Yayınlayan İfa & Tay Yayıncılık
Yayın tarihi [t.y.]
300 ## - FİZİKSEL TANIMLAMA
Sayfa, Cilt vb. c.; 20 cm.
336 ## - İÇERİK TÜRÜ
Content type term metin
Content type code txt
Source rdacontent
337 ## - MEDYA TÜRÜ
Media type term aracısız
Media type code n
Source rdamedia
338 ## - TAŞIYICI TÜRÜ
Carrier type term cilt
Carrier type code nc
Source rdacarrier
650 #0 - KONU BAŞLIĞI EK GİRİŞ - KONU TERİMİ
Konusal terim veya coğrafi ad İmalat işlemleri--Ansiklopediler.
9 (RLIN) 140009
650 #0 - KONU BAŞLIĞI EK GİRİŞ - KONU TERİMİ
Konusal terim veya coğrafi ad Manufacturing processes--Encyclopedias.
9 (RLIN) 140010
907 ## - LOCAL DATA ELEMENT G, LDG (RLIN)
a Ansiklopedi
942 ## - EK GİRİŞ ÖGELERİ (KOHA)
Source of classification or shelving scheme Library of Congress Classification
Koha item type Book
Holdings
Materyal Türü Kalıcı Konum Mevcut Konum Raf Yeri Koleksiyon Kodu Sınıflandırma Kaynağı Edinim Bilgisi Ana Konular Alt Konular Yer Numarası Cilt Bilgisi Demirbaş Numarası Fatura Tarihi Geri Çekilme Durumu Kayıp Durumu Hasarlı Durumu Kredi için değil Kayıt Tarih Toplam Ödünçverme Son Görülme Tarihi Son Kontrol Tarihi Genel / Bağış Notu
Danışma Kaynakları Prof. Dr. Azmi Özcan Kütüphanesi Prof. Dr. Azmi Özcan Kütüphanesi Birûni Salonu Referans Library of Congress Classification Bağış TEKNOLOJİ Teknoloji (Genel) T49 .A35 [t.y.] c.2 0071228 02/02/2026       Ödünç verilmez 29/07/2024   17/03/2025 17/03/2025 Edibe BEKİN